Meilleur attaque 6g - Statistiques

Statistiques générales
  • Ce quiz a été pris 11 fois
  • Le résultat moyen est 19 sur 22
Statistiques - réponses
Hint Réponse % Correct
107 blindepique
100%
100 chevroum
100%
140 exagide
100%
105 golgopathe
100%
110 hoopa
100%
160 hoopa dechainee
100%
100 muplodocus
100%
124 pandarbare
100%
121 rexillius
100%
145 sachanobie
100%
117 seracrawl
100%
100 zygarde
100%
100 zygarde 10%
100%
100 zygarde parfaite
100%
100 diancie
75%
160 mega diancie
75%
131 xerneas
75%
131 yveltal
75%
100 banshitrouye ultra
50%
110 desseliande
50%
110 dimocles
50%
110 volcanion
50%
Aucun quiz correspondant
Distribution des résultats
% des personnes avec chaque résultat
Percentile par nombre de réponses
Votre historique - résultats
Vous n’avez pas pris ce quiz